000 00681nam a2200229ua 4500
001 1251885
003 CO-ViMGA
005 20230915233610.0
008 100510s2010 ck gr 000 j spa d
020 _a9789583034381
040 _aCO-ViMGA
_bspa
_cCO-ViMGA
043 _as-ck---
082 0 4 _aCo863.6
_bM65b4
_221
100 1 _aMontoya Campuzano, Pablo,
_d1963-
_9406
245 1 3 _aEl beso de la noche /
_cPablo Montoya.
250 _aEditora Mireya Fonseca.
260 3 _aBogot :̀
_bPanamericana Editorial,
_c2010.
300 _a144 p. :
_bil. ;
_c21 cm.
650 1 4 _aCuentos colombianos.
_9266
700 1 _aFonseca Leal, Raquel Mireya,
_eed.
_953
942 _2ddc
_cBK
999 _c35998
_d35998